Echo Park / (Record no. 165)

MARC details
000 -LÍDER
campo de controle de tamanho fixo 01081nam a2200313 4500
001 - NÚMERO DE CONTROLE
campo de controle 165
003 - IDENTIFICADOR DO NÚMERO DE CONTROLE
campo de controle OSt
005 - DATA E HORÁRIO DA ÚLTIMA TRANSAÇÃO
campo de controle 20250528074013.0
008 - CAMPO DE DADOS FIXOS--INFORMAÇÃO GERAL
campo de controle de tamanho fixo 250129b |||||||g |||| 00| 1 eng d
040 ## - FONTE DA CATALOGAÇÃO
Idioma da catalogação por
041 ## - CÓDIGO DE IDIOMA
Código do idioma do original e/ou traduções intermediárias do texto eng
Código do idioma do texto/trilha sonora ou título diferente por
082 ## - CDD - CLASSIFICAÇÃO DECIMAL DE DEWEY
Número de Classificação 813
Número do exemplar C752e
100 ## - ENTRADA PRINCIPAL--NOME PESSOAL
Nome pessoal Connelly, Michael
Datas associadas ao nome 1956-
9 (RLIN) 312
245 ## - TÍTULO
Título Echo Park /
Indicação de responsabilidade, etc. Connelly, Michael ; Tradução de Álvaro Hattnher
260 ## - PUBLICAÇÃO, DISTRIBUIÇÃO, ETC.
Local de publicação, distribuição, etc. Rio de Janeiro
Nome do editor, distribuidor, etc. Objetiva
Data da publicação, distribuição, etc. 2007
300 ## - DESCRIÇÃO FÍSICA
Extensão 363 p.
490 1# - TÍTULO DA SÉRIE
Título da série Detetive Harry Bosch
520 ## - NOTA DE RESUMO, ETC.
Resumo, etc. Echo Park é o décimo segundo romance em que Michael Connelly apresenta Harry Bosch, um detetive experiente, obcecado pelos crimes que investiga. Desta vez, Harry é assombrado por um fantasma. Um fantasma que o perturba há treze anos.
650 #0 - ASSUNTO--TERMO TÓPICO
Cabeçalho tópico ou nome geográfico Literatura Americana
9 (RLIN) 84
650 #0 - ASSUNTO--TERMO TÓPICO
Cabeçalho tópico ou nome geográfico Romance Policial
9 (RLIN) 11
650 #0 - ASSUNTO--TERMO TÓPICO
Cabeçalho tópico ou nome geográfico Crime e Investigação
9 (RLIN) 13
650 #0 - ASSUNTO--TERMO TÓPICO
Cabeçalho tópico ou nome geográfico Suspense
9 (RLIN) 10
650 #0 - ASSUNTO--TERMO TÓPICO
Cabeçalho tópico ou nome geográfico Mistério
9 (RLIN) 42
655 #0 - TERMO DE ÍNDICE--GÊNERO E FORMA
Gênero/forma/ou termo foco Romance
655 #0 - TERMO DE ÍNDICE--GÊNERO E FORMA
Gênero/forma/ou termo foco Ficção
700 ## - ENTRADA ADICIONADA - NOME PESSOAL
Nome pessoal Álvaro Hattnher
Função do autor por extenso Tradutor
9 (RLIN) 313
830 ## - ENTRADA SECUNDÁRIA DE SÉRIE--TÍTULO UNIFORME
Título uniforme Detetive Harry Bosch
9 (RLIN) 314
942 ## - ELEMENTOS DE ENTRADA ADICIONADOS (KOHA)
Fonte de classificação ou esquema de arquivamento Classificação decimal de Dewey
Ocultar no OPAC Não
Tipo de material Koha Livros
Holdings
Situação do descarte Situação das perdas Fonte de classificação ou esquema de arquivamento Status danificado Não pode ser emprestado Coleção Biblioteca de origem Biblioteca atual Localização na estante Data de aquisição Fonte de aquisição Total de empréstimos Número de chamada completo Código de barras Data de último acesso Data do preço efetivo Tipo de material Koha
    Classificação decimal de Dewey     Ficção Biblioteca Professor Eduardo Afonso de Castro Biblioteca Professor Eduardo Afonso de Castro Literatura Estrangeira 13.12.2013 doação   813 / C752e 2025-14833 29.01.2025 29.01.2025 Livros

Powered by Koha